Riadenie kariéry zamestnanca podniku

Pojem kariéra. Dynamika kariéry. Rozvojové kariérne plány a ich realizácia. Fázy kariérneho poradenstva. Úloha vedúceho pracovníka pri plánovaní kariéry.

Uložené v:
Podrobná bibliografia
Hlavný autor: Šukalová, Viera
Médium: Kapitola
Jazyk:Slovak
Predmet:
Tagy: Pridať tag
Žiadne tagy, Buďte prvý, kto otaguje tento záznam!

MARC

LEADER 00000naa a2200000 4500
001 0254331
005 20190529094944.6
041 0 |a slo 
044 |a SK 
245 1 0 |a Riadenie kariéry zamestnanca podniku  |c Viera Šukalová 
520 |a Pojem kariéra. Dynamika kariéry. Rozvojové kariérne plány a ich realizácia. Fázy kariérneho poradenstva. Úloha vedúceho pracovníka pri plánovaní kariéry. 
610 2 0 |a riadenie ľudských zdrojov 
610 2 0 |a zamestnanci 
610 2 0 |a manažment 
610 2 0 |a kariéra 
100 1 |a Šukalová, Viera